Statistiques concernant Culture Générale - Série 995

Cliquez ici pour prendre le quiz!

Statistiques générales

  • Ce quiz a été pris 88 fois
  • Le résultat moyen est 3 sur 10

Statistiques - réponses

QuestionRéponse% Correct
Quel grand écrivain est né à Besançon le 26 février 1802 ?Victor Hugo
54%
Qui a sculpté le lion de Belfort en 1880 ?Auguste Bartholdi
46%
Partie de peau plus foncée présente au niveau de la poitrine, qui entoure le mamelon, chez l'homme et la femmearéole
41%
Quelle rivière traverse Strasbourg, Colmar, Mulhouse ?l'ill
41%
Quel actrice est le Capitauine Marleau dans la série télévisée du même nom ?Corinne Masiero
33%
Quel était le prénom du danseur classique Noureiev ?Rudolf
33%
Quelle station de ski bien connue des fondeurs est située dans le Jura ?Les Rousses
22%
Dans une série télévisée, comment s'appelle le personnage incarné par Marine Delterme ?Alice Nevers
19%
Sur les hauteurs de quelle ville du Jura peut-on admirer le site géologique appelé " chapeau de gendarme" ?Saint-Claude
12%
Par tel traité la Franche-Comté est-elle devenue française en 1678 ?traité de Nimègue
3%

Distribution des résultats

Percentile par nombre de réponses

% des personnes avec chaque résultat

Votre développement - résultats

Vous n’avez pas pris ce quiz